'You've got what?!' : (Record no. 121910)

MARC details
000 -LEADER
fixed length control field 00904nam a2200253 a 4500
008 - FIXED-LENGTH DATA ELEMENTS--GENERAL INFORMATION
fixed length control field
020 ## - INTERNATIONAL STANDARD BOOK NUMBER
International Standard Book Number 0724340939 (paperback)
040 ## - CATALOGING SOURCE
Original cataloging agency NUST
Transcribing agency NUST
049 ## - LOCAL HOLDINGS (OCLC)
Holding library MAIN
090 ## - LOCALLY ASSIGNED LC-TYPE CALL NUMBER (OCLC); LOCAL CALL NUMBER (RLIN)
Classification number (OCLC) (R) ; Classification number, CALL (RLIN) (NR) RC112
Local cutter number (OCLC) ; Book number/undivided call number, CALL (RLIN) MAC
003 - CONTROL NUMBER IDENTIFIER
control field
005 - DATE AND TIME OF LATEST TRANSACTION
control field 20230120204349.0
100 1# - MAIN ENTRY--PERSONAL NAME
Personal name Macaitis, Merridie.,
-- author.
245 10 - TITLE STATEMENT
Title 'You've got what?!' :
Remainder of title control of infectious diseases in children and adults/
Statement of responsibility, etc. compiled by Merridie Macaitis.
260 ## - PUBLICATION, DISTRIBUTION, ETC.
Place of publication, distribution, etc. Adelaide, South Australia :
Name of publisher, distributor, etc. The South Australian Health Commission ,
Date of publication, distribution, etc. 1992.
300 ## - PHYSICAL DESCRIPTION
Extent viii, 99 pages :
Other physical details colour illustrations ;
Dimensions 30 cm.
336 ## - CONTENT TYPE
Content type term text
Content type code txt
Source rdacontent
337 ## - MEDIA TYPE
Media type term unmediated
Media type code n
Source rdamedia
338 ## - CARRIER TYPE
Carrier type term volume
Carrier type code nc
Source rdacarrier
650 #1 - SUBJECT ADDED ENTRY--TOPICAL TERM
Topical term or geographic name entry element Communicable diseases
General subdivision Prevention.
650 ## - SUBJECT ADDED ENTRY--TOPICAL TERM
Topical term or geographic name entry element Medical personnel
General subdivision Health and hygiene.
907 ## - LOCAL DATA ELEMENT G, LDG (RLIN)
a .b10416456
b 15-03-22
c 14-03-22
942 ## - ADDED ENTRY ELEMENTS (KOHA)
Koha item type Ordinary Loan Books
Call number prefix RC112
Call number suffix MAC
Holdings
Date last seen Total Checkouts Full call number Barcode Cost, replacement price Price effective from Koha item type Lost status Source of classification or shelving scheme Damaged status Not for loan Collection Withdrawn status Home library Current library Shelving location Date acquired Cost, normal purchase price
01/20/2023   RC112 MAC 92004048213 80.00 01/20/2023 BOOKS   LCC     NFIC   MEDICAL MEDICAL GEN 01/20/2023 80.00